Gleby w Polsce - Statystyki

Ogólne statystyki
  • Ten quiz został rozwiązany 51 razy
  • Średni wynik to 5 z 12
Statystyki odpowiedzi
Rodzaje gleb % Poprawnych
czarnoziemy
96%
gleby bielicowe
80%
gleby brunatne
78%
czarne ziemie
71%
rędziny
64%
gleby płowe
49%
mady rzeczne
44%
gleby bagienne
20%
gleby inicjalne
16%
gleby rdzawe
7%
gleby pobagienne
2%
gleby słabo wykształcone
2%
Nie znaleziono quizów pasujących do podanych kryteriów
Rozkład punktacji
Procent ludzi z każdym wynikiem
Percentyl według liczby udzielonych odpowiedzi
Twoja historia wyników
Nie rozwiązałeś tego quizu